00640nam a2200193Ia 4500001002100000003000900021008004100030040002300071041001300094100001700107240003500124245002800159250001500187260003500202300001900237490003600256501012400292700003000416225.7-EVE lo co (69)IT-MiSPE171229s9999||||xx |||||||||||||| ||und|| aIT-MiSPEcIT-MiSPE aITALIANO aLouis Evely  aHomelies sur la Parole de Dieu 2aA confronto col Vangelo a1a ed. (v) aAssisibCittadellac(st.) 1968 a411 p. c19 cm aSpiritualità del nostro tempo aEdizioni San Paolo srl - Piazza Soncino, 5 - 20092 CINISELLO BALSAMO (MI) (non commercial uses only) ® Copyright 2018 aPaola Adamig(traduzione)